000 00414pab a2200157 454500
008 180718b2014 xxu||||| |||| 00| 0 eng d
100 _aBanerjee, Nobina
245 _aThe evaluation of outbound learning program in the workplace
260 _c2014
300 _ap.12-17.
362 _aApr-Jun
650 _aTraining
773 _aIndian Journal of Training and Development
908 _aN
909 _a105076
999 _c105071
_d105071